00742nam a2200181 a 450000100100000000500170001000800410002702000150006804000250008308200150010810000270012324500330015026000340018330000210021795201860023895201190042499900170054300003532820200930074248.0111027s1973 sp 000 0 spa d a8422605368 aDO-SdBNPbspacBNPHU axxxxbxxxx1 aBenchley, Peter96110110aTiburón /cPeter Benchley. aBarcelona, :bPomaire,c1973. a349 p. ;c22 cm. 001050718MOaGRbGRcHDd2011-10-27iLF1l0oxxxx xxxxp35328-10r2020-06-25w2020-06-25y1zPerteneció a la biblioteca personal de Juan Isidro Jimenes Grullón.ZNo se presta 001050718MOaGRbGRcHDd2013-10-30iLF1l0oxxxx xxxxp35328-20r2020-06-25te. 2w2020-06-25y1ZNo se presta c34819d34819